000
00416nam a2200181Ia 4500
008
100917s9999 xx 000 0 und d
082
_b
59933
100
_a
केतकर ग. वि.
245
_a
मर्मभेद
260
_b
---
_c
1950
300
_a
104
365
_b
3
520
_a
---
630
_a
मर्मभेद
650
_a
---
730
_a
मर्मभेद
942
_c
BOOK
999
_c
665327
_d
665324